书目信息 |
| 题名: |
明史选译
|
|
| 作者: | 张廷玉 撰 ;杨昶 译注 | |
| 分册: | ||
| 出版信息: | 成都 巴蜀书社 1991.10 |
|
| 页数: | 293页 | |
| 开本: | 19cm | |
| 丛书名: | 古代文史名著选译丛书 | |
| 单 册: | ||
| 中图分类: | K248.042 , I211 | |
| 科图分类: | ||
| 主题词: | 历史--中国--纪传体 , 历史 , 明代--历史--纪传体 , 明代 , 文学--作品集--中国 | |
| 电子资源: | ||
| ISBN: | 7-80523-358-6 | |
| 000 | 01015oam2 2200361 450 | |
| 001 | 1573257624 | |
| 005 | 20170928090410.64 | |
| 010 | @a7-80523-358-6 | |
| 100 | @a19920527d1991 em y0chiy0110 ea | |
| 101 | 0 | @achi |
| 102 | @aCN@b510000 | |
| 105 | @ay z 000yy | |
| 200 | 1 | @a明史选译@9ming shi xuan yi@f(清)张廷玉等撰@g杨 昶等译注 |
| 210 | @a成都@c巴蜀书社@d1991.10 | |
| 215 | @a293页@d19cm | |
| 225 | 2 | @a古代文史名著选译丛书@i宋元明清@f章培恒主编 |
| 300 | @a国家教委古籍整理“七·五”规划重点项目 | |
| 461 | 0 | @12001 @a古代文史名著选译丛书 |
| 462 | 0 | @12001 @a宋元明清 |
| 605 | @a明史@x译文 | |
| 605 | @2CT@3S905868@a明史 | |
| 606 | 0 | @a历史@x中国@x纪传体 |
| 606 | 0 | @a历史 |
| 606 | 0 | @a明代@x历史@x纪传体 |
| 606 | 0 | @a明代 |
| 606 | 0 | @a文学@x作品集@x中国 |
| 607 | @2CT@3S096218@a中国 | |
| 690 | @aK248.042@v三版 | |
| 690 | @aI211@v4 | |
| 701 | 0 | @a张廷玉@9zhang ting yu@4撰 |
| 702 | 0 | @a杨昶@9yang chang@4译注 |
| 801 | 0 | @aCN@bTSSF@c20150207 |
| 905 | @aZUCC@dI211@eJY94 | |
| 明史选译/(清)张廷玉等撰/杨 昶等译注.-成都:巴蜀书社,1991.10 |
| 293页;19cm.-(古代文史名著选译丛书.宋元明清/章培恒主编) |
| 国家教委古籍整理“七·五”规划重点项目 |
| ISBN 7-80523-358-6: |
| ● |
| 相关链接 |
|
|
|
|
正题名:明史选译
索取号:I211/JY94
 
预约/预借
| 序号 | 登录号 | 条形码 | 馆藏地/架位号 | 状态 | 备注 |
| 1 | 7853856 | 278538566 | 学院路分馆/ [索取号:I211/JY94] | 在馆 |